| 000 | 00680nam a2200205 a 4500 | ||
|---|---|---|---|
| 001 | 000023437 | ||
| 005 | 20200930022222.0 | ||
| 008 | 101207s1966 nyuac r 000 0 spa d | ||
| 040 |
_aDO-SdBNP _bspa _cBNPHU |
||
| 082 |
_axxxx _bK183v |
||
| 100 | 1 |
_aKaren, Ruth _948292 |
|
| 245 | 1 | 0 |
_aVecinos de un nuevo mundo : _bla organización de los Estados americanos / _cRuth Karen ; traducción Gerardo Mayer. |
| 260 |
_aBuenos Aires, Argentina : _bPlaza & Janes, _c1966. |
||
| 300 |
_a191 p. : _bil., retrs. ; _c18 cm. |
||
| 490 | 1 |
_aAlboreal ; _v151 |
|
| 534 | _aNeighbors in a new world | ||
| 700 | 1 |
_aMayer, Gerardo, _etr. _947554 |
|
| 830 | 0 |
_aAlboreal ; _n151 _948293 |
|
| 049 | _aBNGR | ||
| 999 |
_c22933 _d22933 |
||